|
|
|
|
| LEADER |
00568nam a2200145Ia 4500 |
| 008 |
150623b xxu||||| |||| 00| e eng d |
| 082 |
|
|
|a 824.008
|
| 245 |
|
|
|a Views and visions:
|b Anthology of modern prose for undergraduate classes /
|c edited by Neelakantan K. K.
|
| 260 |
|
|
|a Bombay :
|b Orient Longman,
|c 1978.
|
| 650 |
|
|
|v Essays
|
| 700 |
|
|
|a Balakrishnan A. S.
|e editor.
|
| 700 |
|
|
|a Neelakantan K. K.
|e editor.
|
| 942 |
|
|
|c BK
|
| 999 |
|
|
|c 62301
|d 62301
|
| 952 |
|
|
|0 0
|1 0
|4 0
|6 824_008000000000000_NEE_V
|7 0
|9 62278
|a UL
|b UL
|c SEC
|d 2012-10-27
|l 0
|o 824.008 NEE/V
|p G1309
|r 2012-10-27
|w 2012-10-27
|y BK
|